Las ideas de Piaget: su aplicación en el aula
Αποθηκεύτηκε σε:
| Κύριος συγγραφέας: | |
|---|---|
| Μορφή: | Βιβλίο |
| Γλώσσα: | Ισπανικά |
| Έκδοση: |
Buenos Aires
Kapelusz
1971
|
| Σειρά: | Biblioteca de Cultura Pedagógica
|
| Θέματα: | |
| Ετικέτες: |
Προσθήκη ετικέτας
Δεν υπάρχουν, Καταχωρήστε ετικέτα πρώτοι!
|
MARC
| LEADER | 00000nam a2200000 a 4500 | ||
|---|---|---|---|
| 001 | UCO9950 | ||
| 003 | CL-VaPUC | ||
| 008 | 010316e19710000AG |||||||||||||||||spa|d | ||
| 082 | 0 | 4 | |a 370.15 |b FUR |2 21 |
| 100 | 0 | |a Furth, Hans G |e author |9 455188 | |
| 245 | 1 | 4 | |a Las ideas de Piaget: su aplicación en el aula |
| 300 | |a 176 p | ||
| 942 | |c BK | ||
| 945 | |d 20010316 00:00:00 |a vberengu | ||
| 260 | |a Buenos Aires |b Kapelusz |c 1971 | ||
| 650 | 0 | |a Psicología educacional |9 307830 | |
| 650 | 0 | |a Niños |9 255605 | |
| 650 | 0 | |a Métodos de enseñanza |9 270413 | |
| 650 | 0 | |a Filosofía de la educación |9 258384 | |
| 650 | 7 | |a ORIENTACION EDUCACIONAL |2 CL-VaPUC |9 312512 | |
| 650 | 0 | |a Docentes |9 311365 | |
| 650 | 0 | |a Procesos de aprendizaje |9 309161 | |
| 650 | 0 | |a Motivación |9 315362 | |
| 583 | |a last modification |c 20010316 00:00:00 |k Rodrigo Vera | ||
| 490 | 0 | |a Biblioteca de Cultura Pedagógica | |
| 999 | |c 293963 |d 293961 | ||
| 952 | |0 0 |1 0 |4 0 |6 370_150000000000000_FUR_1971 |7 0 |8 A |9 345768 |a FDOPOS |b FDOPOS |d 2019-11-20 |i 3690105 |o 370.15 FUR 1971 |p 3690105 |r 2025-01-22 |w 2019-11-20 |y BK |k MLA | ||